000 01314cam a22003254a 4500
001 13110026
003 OSt
005 20160602161416.0
008 030304s2003 vaua b 001 0 eng
010 _a 2003005152
020 _a9780871207609 (alk. paper)
040 _aDLC
_cDLC
_dDLC
042 _apcc
043 _an-us---
050 0 0 _aLB 1570
_b.T593 2003
082 0 0 _aGLT 372.19
_bT59 2003
100 1 _aTomlinson, Carol A.
_922437
245 1 0 _aDifferentiation in practice : a resource guide for differentiating curriculum, grades K-5 /
_cCarol Ann Tomlinson [and]Caroline Cunningham Eidson.
260 _aAlexandria, Va. :
_bAssociation for Supervision and Curriculum Development,
_c2003.
300 _a197 p. :
_bill. ;
_c26 cm.
500 _aIncludes bibliographical references (p. 191-193) and index.
650 0 _aEducation, Elementary
_xCurricula
_zUnited States.
_922469
650 0 _aIndividualized instruction
_zUnited States.
_922470
700 1 _aEidson, Caroline Cunningham,
_d1968-
_922471
856 4 1 _3Table of contents
_uhttp://www.loc.gov/catdir/toc/ecip041/2003005152.html
906 _a7
_bcbc
_corignew
_d1
_eecip
_f20
_gy-gencatlg
942 _2lcc
_cBK
999 _c12532
_d12532